Patterns and problems of land tenure in the Lesser Antilles: Antigua, B.W.I.
Saved in:
| Main Author: | |
|---|---|
| Format: | Book Chapter |
| Language: | English |
| Published: |
[1953]
|
| Subjects: | |
| Tags: |
Add Tag
No Tags, Be the first to tag this record!
|
| LEADER | 00769naa a2200253K 4500 | ||
|---|---|---|---|
| 001 | 002896237-0 | ||
| 005 | 20020606093309.7 | ||
| 008 | 930309s1953 xxu 000 0 eng d | ||
| 035 | 0 | |a ocm71271193 | |
| 040 | |a FLL |c FLL | ||
| 043 | |a nwaq--- | ||
| 050 | 4 | |a HD453.4.Z63 |b A94 1953 | |
| 090 | |a HD453.4.Z63 |b A94 1953 | ||
| 100 | 1 | |a Augelli, John P. | |
| 245 | 1 | 0 | |a Patterns and problems of land tenure in the Lesser Antilles: Antigua, B.W.I. |
| 260 | |c [1953] | ||
| 300 | |b maps, tables. | ||
| 500 | |a Oct. 1953. | ||
| 504 | |a Includes bibliographical references. | ||
| 690 | 9 | |a Land tenure |z W. Ind. Antigua. |5 des | |
| 650 | 0 | |a Land tenure |z Antigua and Barbuda |z Antigua. | |
| 773 | 0 | |a Economic geography, vol. 29:4. Oct. 1953, pp. 362-367. | |
| 988 | |a 20020608 | ||
| 906 | |0 MH | ||


